[Event "Sberbank GM Rapid"]
[Site "Kiev UKR"]
[Date "2013.06.05"]
[Round "1"]
[White "Leko, Peter"]
[Black "Zhigalko, Sergei"]
[Result "1/2-1/2"]
[WhiteTitle "GM"]
[BlackTitle "GM"]
[WhiteElo "2737"]
[BlackElo "2661"]
[WhiteFideId "703303"]
[BlackFideId "13502956"]
[EventDate "2013.06.05"]

1. Nf3 Nf6 2. c4 e6 3. g3 a6 4. Nc3 d5 5. cxd5 exd5 6. d4 Bd6 7. Bg2 O-O 8. O-O
Re8 9. Re1 c6 10. Bg5 Be7 11. Bxf6 Bxf6 12. e4 Be6 13. e5 Be7 14. Qc2 Nd7 15.
Rad1 Rc8 16. h4 h6 17. Kh2 Nf8 18. Ng1 f5 19. h5 g5 20. hxg6 Nxg6 21. Nh3 Kg7
22. Ne2 Bg5 23. f4 Be7 24. Bf3 Rg8 25. Rg1 Kh8 26. Nc3 Rg7 27. Rd2 Qa5 28. a3
Rcg8 29. Nd1 Bf8 30. Ne3 Ne7 31. Rdg2 Qd8 32. Be2 Qe8 33. Qd1 Qc8 34. Bd3 c5 35.
dxc5 Qxc5 36. Qf3 d4 37. Rc2 Qa5 38. Bc4 Bxc4 39. Nxc4 Qd5 40. Nd2 Qb5 41. Qb3
Nd5 42. Qxb5 axb5 43. Nf3 d3 44. Rc8 b4 45. a4 b6 46. Nf2 Bc5 47. Rxg8+ Rxg8 48.
Rf1 Ne3 49. Rc1 Rd8 50. Nd2 h5 51. a5 Ng4+ 52. Nxg4 hxg4 53. a6 Be3 54. Rd1 b5
55. Nb3 Kg7 56. Kg2 Kf7 57. Na5 d2 58. Nc6 Rc8 59. a7 Ra8 60. Kf1 Bxa7 61. Rxd2
Bc5 62. Rd5 Ra1+ 63. Ke2 Rc1 64. Nd4 Bxd4 65. Rxd4 b3 66. Rd2 Ke7 67. Rd3 Rc2+
68. Rd2 Rc1 69. Ke3 Rg1 70. Kf2 Rc1 71. Ke2 Rg1 72. Kf2 Rc1 73. Re2 Ke6 1/2-1/2

[Event "Sberbank GM Rapid"]
[Site "Kiev UKR"]
[Date "2013.06.05"]
[Round "1"]
[White "Korobov, Anton"]
[Black "Karjakin, Sergey"]
[Result "0-1"]
[WhiteTitle "GM"]
[BlackTitle "GM"]
[WhiteElo "2715"]
[BlackElo "2782"]
[WhiteFideId "14105730"]
[BlackFideId "14109603"]
[EventDate "2013.06.05"]

1. d4 Nf6 2. c4 e6 3. Nf3 b6 4. a3 Bb7 5. Nc3 d5 6. Bg5 Be7 7. Qa4+ Bc6 8. Qb3
dxc4 9. Qxc4 a6 10. Rd1 b5 11. Qb3 Nbd7 12. e3 O-O 13. Qc2 h6 14. Bxf6 Nxf6 15.
Be2 Qb8 16. O-O Qb7 17. Rc1 Rac8 18. Rfd1 Rfd8 19. b4 Bd6 20. Ne1 e5 21. dxe5
Bxe5 22. Rxd8+ Rxd8 23. Bf3 Bxf3 24. Nxf3 Bd6 25. Ne2 Qe4 26. Ned4 Qxc2 27. Rxc2
g6 28. Rc6 Ra8 29. g3 Kf8 30. Kf1 Ke7 31. Ke2 Kd7 32. Rc2 Nd5 33. Kd3 Nb6 34.
Nd2 Rc8 35. N4b3 f5 36. h3 Na4 37. Nc5+ Nxc5+ 38. bxc5 Bf8 39. Nb3 Kc6 40. g4
Kd5 41. f4 c6 42. Rd2 a5 43. gxf5 gxf5 44. Kc3+ Ke4 45. Rd3 Kf3 46. Nd4+ Kf2 47.
Ne6 Be7 48. Rd7 Bf6+ 49. Kd3 Bb2 50. e4 fxe4+ 51. Kxe4 Bxa3 52. f5 b4 53. f6 b3
54. Rb7 Bb4 55. Kd3 Ke1 56. Nd4 Rd8 57. f7 Bxc5 58. Kc4 Rxd4+ 59. Kxc5 Rf4 60.
Rxb3 Rxf7 61. Kxc6 Rf4 62. Kd5 a4 63. Rg3 Kf2 64. Ra3 h5 65. Ke5 Rb4 66. Kd5 h4
67. Ke5 Ke2 68. Kd5 Rf4 69. Ke5 Rb4 70. Kd5 Kd2 71. Kc5 Rf4 72. Kb5 Ke2 73. Kc5
Kf2 74. Kd5 Rf3 75. Rxa4 Kg3 76. Ra8 Kxh3 77. Rg8 Rf4 78. Ke5 Ra4 79. Kf5 Kh2
80. Rb8 h3 81. Rb2+ Kg3 82. Rb3+ Kh4 83. Rb2 Rg4 84. Rb8 Rg5+ 85. Kf4 h2 0-1

[Event "Sberbank GM Rapid"]
[Site "Kiev UKR"]
[Date "2013.06.05"]
[Round "1"]
[White "Karpov, Anatoly"]
[Black "Tomashevsky, Evgeny"]
[Result "1/2-1/2"]
[WhiteTitle "GM"]
[BlackTitle "GM"]
[WhiteElo "2619"]
[BlackElo "2709"]
[WhiteFideId "4100026"]
[BlackFideId "4147235"]
[EventDate "2013.06.05"]

1. d4 d5 2. c4 c6 3. Nf3 Nf6 4. e3 Bg4 5. h3 Bh5 6. Nbd2 e6 7. Be2 Nbd7 8. b3
Bd6 9. Bb2 O-O 10. O-O Ne4 11. Nxe4 dxe4 12. Ne5 Bxe2 13. Qxe2 f5 14. Nxd7 Qxd7
15. f3 exf3 16. Qxf3 Rf7 17. e4 fxe4 18. Qxf7+ Qxf7 19. Rxf7 Kxf7 20. Re1 e5 21.
Rxe4 exd4 22. Bxd4 Rd8 23. Kf2 a6 24. Rh4 Be7 25. Rf4+ Ke6 26. Re4+ Kf7 27. Ke2
g6 28. Bb6 Rd7 29. Rd4 1/2-1/2

[Event "Sberbank GM Rapid"]
[Site "Kiev UKR"]
[Date "2013.06.05"]
[Round "1"]
[White "Topalov, Veselin"]
[Black "Naiditsch, Arkadij"]
[Result "1-0"]
[WhiteTitle "GM"]
[BlackTitle "GM"]
[WhiteElo "2784"]
[BlackElo "2710"]
[WhiteFideId "2900084"]
[BlackFideId "4650891"]
[EventDate "2013.06.05"]

1. e4 e5 2. Nf3 Nc6 3. Bb5 Nf6 4. d3 d6 5. c3 Be7 6. Nbd2 O-O 7. O-O Bd7 8. Ba4
Re8 9. Re1 Bf8 10. Nf1 h6 11. Ng3 Ne7 12. Bc2 Ng6 13. d4 c6 14. h3 Qc7 15. Be3
Rad8 16. c4 c5 17. d5 b5 18. Nd2 Rb8 19. cxb5 Bxb5 20. b3 Nd7 21. Nc4 Nb6 22.
Na3 Ba6 23. Bd3 Bxd3 24. Qxd3 Qd7 25. Qd2 Na8 26. Rac1 Nc7 27. Rc4 Ne7 28. Ra4
Nc8 29. Rc1 a6 30. Rc2 Na7 31. Nc4 Nab5 32. Rc1 Nd4 33. Kh2 Kh7 34. Rf1 Be7 35.
f4 exf4 36. Bxf4 Rf8 37. Be3 Rbe8 38. Bxd4 cxd4 39. Qxd4 f5 40. Rxf5 Bf6 41. Qd3
g6 42. Rf3 Qe7 43. Rb4 Nb5 44. a4 Nd4 45. Rxf6 Qxf6 46. Nd2 h5 47. Qxd4 1-0

[Event "Sberbank GM Rapid"]
[Site "Kiev UKR"]
[Date "2013.06.05"]
[Round "1"]
[White "Eljanov, Pavel"]
[Black "Areshchenko, Alexander"]
[Result "1/2-1/2"]
[WhiteTitle "GM"]
[BlackTitle "GM"]
[WhiteElo "2707"]
[BlackElo "2708"]
[WhiteFideId "14102951"]
[BlackFideId "14109530"]
[EventDate "2013.06.05"]

1. c4 Nf6 2. Nc3 d5 3. cxd5 Nxd5 4. g3 c5 5. Bg2 Nc7 6. d3 e5 7. Be3 Be7 8. Qb3
Nc6 9. Bxc6+ bxc6 10. Nf3 f6 11. O-O Ne6 12. Rfc1 Bd7 13. Ne4 Rb8 14. Qc2 Nd4
15. Bxd4 cxd4 16. Rab1 O-O 17. Qc4+ Rf7 18. b4 Be8 19. a3 h6 20. Nc5 Kh7 21. Nb3
Bf8 22. Nfd2 f5 23. Qe6 Bd6 24. Na5 Rf6 25. Qc4 Bc7 26. Ndb3 Bb6 27. Qc2 f4 28.
Nc4 fxg3 29. fxg3 Qd5 30. Nbd2 Bg6 31. Nxb6 axb6 32. Qc4 Qd7 33. Rf1 Rbf8 34.
Rxf6 Rxf6 35. Rf1 Bf7 36. Qc2 Rxf1+ 37. Kxf1 Bd5 38. Ne4 b5 39. Nf2 Qf5 40. Qc5
Qh5 41. h3 Qg5 42. g4 Qf4 43. Ke1 Qg3 44. Qf8 Qg1+ 45. Kd2 Qa1 46. Qf5+ Kg8 47.
Qc8+ Kh7 48. Qf5+ Kh8 49. Qf8+ Kh7 50. Qf5+ Kh8 51. Qf8+ Kh7 1/2-1/2

[Event "Sberbank GM Rapid"]
[Site "Kiev UKR"]
[Date "2013.06.05"]
[Round "2"]
[White "Tomashevsky, Evgeny"]
[Black "Naiditsch, Arkadij"]
[Result "1-0"]
[WhiteTitle "GM"]
[BlackTitle "GM"]
[WhiteElo "2709"]
[BlackElo "2710"]
[WhiteFideId "4147235"]
[BlackFideId "4650891"]
[EventDate "2013.06.05"]

1. d4 Nf6 2. c4 e6 3. Nc3 d5 4. Bg5 Be7 5. e3 h6 6. Bh4 O-O 7. Rc1 Nbd7 8. Nf3
a6 9. cxd5 exd5 10. Bd3 c5 11. dxc5 Nxc5 12. O-O Nce4 13. Nd4 Re8 14. Qc2 Bd7
15. Bxf6 Nxf6 16. Qb3 Qa5 17. Bf5 Bc6 18. Nxc6 bxc6 19. Qa4 Qb6 20. Qc2 Qb8 21.
Na4 Qe5 22. Bh3 Bd6 23. g3 Rab8 24. b3 Ba3 25. Rcd1 c5 26. Rd3 Qe7 27. Rfd1 Red8
28. Nc3 d4 29. exd4 Rxd4 30. Rxd4 cxd4 31. Rxd4 Bc5 32. Rc4 Rd8 33. Ne4 Nxe4 34.
Rxe4 Qd6 35. Re2 h5 36. Qe4 g6 37. Bf1 Qb6 38. Rc2 Rd6 39. Qe8+ Kh7 40. Qxf7+
Kh6 41. Qf8+ Kh7 42. Qf7+ Kh6 43. Qc4 Bd4 44. Rd2 a5 45. h4 Qb4 46. Qxb4 axb4
47. Kg2 Be5 48. Rc2 Kg7 49. Be2 Kf6 50. Bf3 Ke7 51. Be4 Kf6 52. Kf3 Kg7 53. Ke2
Kf6 54. f4 Ba1 55. Rc4 Bc3 56. a4 Rd2+ 57. Ke3 Rb2 58. Rc6+ Ke7 59. Bd5 Rd2 60.
Bc4 Rg2 61. Kf3 1-0

[Event "Sberbank GM Rapid"]
[Site "Kiev UKR"]
[Date "2013.06.05"]
[Round "2"]
[White "Areshchenko, Alexander"]
[Black "Topalov, Veselin"]
[Result "0-1"]
[WhiteTitle "GM"]
[BlackTitle "GM"]
[WhiteElo "2708"]
[BlackElo "2784"]
[WhiteFideId "14109530"]
[BlackFideId "2900084"]
[EventDate "2013.06.05"]

1. e4 e6 2. d4 d5 3. e5 c5 4. c3 Nc6 5. Nf3 Bd7 6. a3 f6 7. Bd3 Qc7 8. Bf4 O-O-O
9. Bg3 f5 10. dxc5 Bxc5 11. Nbd2 Be7 12. c4 d4 13. h4 Nh6 14. c5 Kb8 15. b4 Be8
16. Nc4 Bh5 17. Qd2 Bxf3 18. gxf3 a6 19. Rb1 Na7 20. a4 Qc6 21. Qd1 Rhf8 22. Bf4
Nf7 23. Na5 Qc7 24. Qe2 h6 25. Nc4 g5 26. Bd2 Rd5 27. hxg5 hxg5 28. f4 Rdd8 29.
Rh7 g4 30. b5 axb5 31. axb5 Qxc5 32. Bb4 Qxb4+ 33. Rxb4 Bxb4+ 34. Kf1 Rh8 35.
Rxh8 Nxh8 36. Qb2 Bc5 37. b6 Nc6 38. Qb5 Bb4 39. Nd6 Ng6 40. Nxb7 Kxb7 41. Qa6+
Kb8 42. Qc4 Nge7 43. Qxe6 Kb7 44. Ke2 Kxb6 45. Kd1 Ra8 46. Bc4 Ra3 47. Qd7 Rf3
48. Be2 0-1

[Event "Sberbank GM Rapid"]
[Site "Kiev UKR"]
[Date "2013.06.05"]
[Round "2"]
[White "Karjakin, Sergey"]
[Black "Leko, Peter"]
[Result "1/2-1/2"]
[WhiteTitle "GM"]
[BlackTitle "GM"]
[WhiteElo "2782"]
[BlackElo "2737"]
[WhiteFideId "14109603"]
[BlackFideId "703303"]
[EventDate "2013.06.05"]

1. e4 e5 2. Nf3 Nc6 3. Bb5 Nf6 4. d3 Bc5 5. c3 O-O 6. O-O Re8 7. Nbd2 a6 8. Ba4
b5 9. Bb3 d6 10. a4 Rb8 11. axb5 axb5 12. Re1 Bb6 13. Nf1 Ne7 14. Nh4 Bg4 15.
Qc2 Ng6 16. Nxg6 hxg6 17. Be3 Be6 18. Bxe6 Rxe6 19. Bxb6 Rxb6 20. d4 d5 21. exd5
Qxd5 22. dxe5 Rxe5 23. Rad1 Qe6 24. Rd8+ Kh7 25. Rxe5 Qxe5 26. Qd3 Qf5 27. Qxf5
gxf5 28. f3 Ra6 29. Ng3 g6 30. Ne2 Ra2 31. Rd2 Ne8 32. Nf4 Nd6 33. Nd3 Kg7 34.
Kf2 Ra1 35. h4 Nc4 36. Re2 Rd1 37. Nf4 Rb1 38. b4 Kf8 39. Ra2 Rc1 40. Ne2 Rd1
41. Nd4 Nd6 42. Ra7 Rd2+ 43. Kg3 Nc4 44. Nxb5 c6 45. Nd4 Ne3 46. Ra8+ Kg7 47.
Re8 Nd5 48. Re2 Rd3 49. Rc2 f4+ 50. Kh2 Nxb4 51. Ne6+ fxe6 52. cxb4 Rd6 53. Kh3
Kf6 54. Kg4 Rd4 55. Rxc6 Rxb4 56. Rc8 Rb2 57. Kxf4 1/2-1/2

[Event "Sberbank GM Rapid"]
[Site "Kiev UKR"]
[Date "2013.06.05"]
[Round "2"]
[White "Karpov, Anatoly"]
[Black "Korobov, Anton"]
[Result "0-1"]
[WhiteTitle "GM"]
[BlackTitle "GM"]
[WhiteElo "2619"]
[BlackElo "2715"]
[WhiteFideId "4100026"]
[BlackFideId "14105730"]
[EventDate "2013.06.05"]

1. d4 d5 2. c4 c6 3. Nf3 Nf6 4. e3 e6 5. Nbd2 Nbd7 6. Bd3 dxc4 7. Nxc4 b5 8.
Ncd2 Bb7 9. a4 Nc5 10. Bc2 Nxa4 11. Bxa4 bxa4 12. Qxa4 Be7 13. b3 a5 14. O-O Nd5
15. Ne4 O-O 16. Nc5 Bxc5 17. dxc5 Ba6 18. Re1 Nb4 19. Qxa5 Nc2 20. Qxd8 Rfxd8
21. Bb2 Nxa1 22. Bxa1 Rd5 23. Bd4 f6 24. e4 Rd7 25. e5 Rad8 26. Bc3 Rd3 27. Ba5
R8d5 28. exf6 gxf6 29. Rxe6 Rxc5 30. Be1 Kf7 31. Re3 Rc1 32. b4 Bc4 33. h3 Rxe3
34. fxe3 Bd5 35. Kf2 Bxf3 36. gxf3 Rc2+ 37. Kg3 Re2 38. Bf2 f5 39. e4 fxe4 40.
Bc5 Ke6 41. Kf4 exf3 42. Kxf3 Rc2 43. Kg4 Rxc5 44. bxc5 Kd5 45. Kg5 Kxc5 46. Kh6
Kd6 47. Kxh7 c5 48. h4 c4 49. h5 c3 50. h6 c2 51. Kg7 c1=Q 52. h7 Qg5+ 53. Kf7
Qe7+ 54. Kg8 Ke5 0-1

[Event "Sberbank GM Rapid"]
[Site "Kiev UKR"]
[Date "2013.06.05"]
[Round "2"]
[White "Zhigalko, Sergei"]
[Black "Eljanov, Pavel"]
[Result "1-0"]
[WhiteTitle "GM"]
[BlackTitle "GM"]
[WhiteElo "2661"]
[BlackElo "2707"]
[WhiteFideId "13502956"]
[BlackFideId "14102951"]
[EventDate "2013.06.05"]

1. e4 e5 2. Nf3 Nc6 3. Bb5 a6 4. Ba4 Nf6 5. O-O Be7 6. Re1 b5 7. Bb3 d6 8. c3
O-O 9. h3 Nb8 10. d4 Nbd7 11. Nbd2 Bb7 12. Bc2 Re8 13. Nf1 Bf8 14. Ng3 g6 15. b3
a5 16. a4 b4 17. cxb4 axb4 18. Bb2 Bh6 19. dxe5 dxe5 20. Bd3 Nc5 21. Bb5 c6 22.
Bc4 Qxd1 23. Raxd1 Nfd7 24. Bc1 Bf4 25. Be3 Ba6 26. Bxa6 Rxa6 27. Nf1 Re7 28. g3
Bxe3 29. Rxe3 f6 30. N1d2 Nf8 31. Nc4 Rd7 32. Rxd7 Nfxd7 33. Kf1 Kf8 34. Ke2 Ke7
35. Kd1 Nf8 36. Ne1 Nfe6 37. Nc2 Nd4 38. Nxb4 Ra7 39. Nb6 Rb7 40. Rc3 Nce6 41.
a5 Kd6 42. Nd3 c5 43. h4 Nc6 44. Nxc5 Nxc5 45. Nc8+ Kd7 46. Rxc5 Nxa5 47. Rxa5
Kxc8 48. Ra6 Rxb3 49. Rxf6 Kd8 50. Rf7 Rb4 51. f3 Rb3 52. Ke2 Rb2+ 53. Ke3 Rb3+
54. Kf2 Rb2+ 55. Kg1 Rb3 56. Kg2 Rb2+ 57. Kh3 h5 58. Rf6 1-0

[Event "Sberbank GM Rapid"]
[Site "Kiev UKR"]
[Date "2013.06.05"]
[Round "3"]
[White "Naiditsch, Arkadij"]
[Black "Areshchenko, Alexander"]
[Result "0-1"]
[WhiteTitle "GM"]
[BlackTitle "GM"]
[WhiteElo "2710"]
[BlackElo "2708"]
[WhiteFideId "4650891"]
[BlackFideId "14109530"]
[EventDate "2013.06.05"]

1. e4 c5 2. Nf3 d6 3. Nc3 Nf6 4. d4 cxd4 5. Qxd4 Nc6 6. Bb5 Bd7 7. Bxc6 Bxc6 8.
Bg5 e6 9. O-O-O Be7 10. Rhe1 O-O 11. Kb1 h6 12. Bh4 Qa5 13. g4 g5 14. Bg3 Nxg4
15. Qd2 Qc5 16. Nd4 b5 17. f4 b4 18. Nd5 exd5 19. exd5 Bxd5 20. Rxe7 Rfe8 21.
Rxe8+ Rxe8 22. fxg5 Be4 23. gxh6 Bg6 24. Re1 Rxe1+ 25. Bxe1 a5 26. b3 Nf6 27.
Nf3 Kh7 28. Ng5+ Kg8 29. h4 Ng4 30. Qg2 Nxh6 31. Qf2 Qd5 32. Qd2 Qxd2 33. Bxd2
Nf5 34. Be1 Ne3 35. Kb2 Nxc2 36. Bf2 Na3 37. Nh3 Be4 38. h5 Bc6 39. Bd4 a4 40.
Ng5 Nb5 41. Bf6 a3+ 42. Kc1 Bd7 43. h6 Bf5 44. Nf3 Bg6 45. Bg7 Nc7 46. Nd4 Nd5
47. Nb5 f5 48. Nxd6 f4 49. Nc4 f3 50. Bd4 Nc3 51. Kd2 Nxa2 52. Ne5 Nc3 53. Ng4
a2 0-1

[Event "Sberbank GM Rapid"]
[Site "Kiev UKR"]
[Date "2013.06.05"]
[Round "3"]
[White "Topalov, Veselin"]
[Black "Zhigalko, Sergei"]
[Result "1-0"]
[WhiteTitle "GM"]
[BlackTitle "GM"]
[WhiteElo "2784"]
[BlackElo "2661"]
[WhiteFideId "2900084"]
[BlackFideId "13502956"]
[EventDate "2013.06.05"]

1. d4 Nf6 2. c4 e6 3. Nf3 b6 4. g3 Ba6 5. Qc2 Bb7 6. Bg5 c5 7. d5 exd5 8. cxd5
Bxd5 9. Nc3 Be6 10. Nb5 a6 11. Bxf6 gxf6 12. Nc3 Nc6 13. Bg2 f5 14. e3 Bg7 15.
O-O O-O 16. Rfd1 Qf6 17. Nh4 b5 18. Rab1 Rac8 19. Nd5 Bxd5 20. Bxd5 Ne7 21. Bg2
Rc7 22. Rd2 c4 23. Qd1 b4 24. Rxd7 Rxd7 25. Qxd7 c3 26. bxc3 bxc3 27. Rc1 Qe6
28. Qa4 Rc8 29. Bf1 Ng6 30. Nf3 Qe4 31. Qxa6 Ra8 32. Qe2 Rb8 33. Ne1 Rb1 34. Qd1
Rxc1 35. Qxc1 Ne5 36. Be2 Qd5 37. Qc2 Nc6 38. Bf3 Qd2 39. Bxc6 Qxe1+ 40. Kg2 Qd2
41. Ba4 Qd5+ 42. Kg1 Bf6 43. Bb3 Qd7 44. Qe2 Kg7 45. a4 Bd8 46. Qc4 Ba5 47. Qc5
Qd3 48. Kg2 Qe4+ 49. f3 Qb1 50. Qd5 Kh6 51. Qxf7 Qb2+ 52. Kh3 c2 53. Bxc2 Qxc2
54. Qf6+ 1-0

[Event "Sberbank GM Rapid"]
[Site "Kiev UKR"]
[Date "2013.06.05"]
[Round "3"]
[White "Eljanov, Pavel"]
[Black "Karjakin, Sergey"]
[Result "1-0"]
[WhiteTitle "GM"]
[BlackTitle "GM"]
[WhiteElo "2707"]
[BlackElo "2782"]
[WhiteFideId "14102951"]
[BlackFideId "14109603"]
[EventDate "2013.06.05"]

1. Nf3 Nf6 2. g3 d5 3. Bg2 c6 4. O-O Bg4 5. h3 Bh5 6. c4 e6 7. Qb3 Qc8 8. Nc3
Be7 9. d4 O-O 10. Bf4 Nbd7 11. Rac1 Nb6 12. cxd5 exd5 13. Ne5 Re8 14. a4 Bd8 15.
g4 Bg6 16. Bg3 Bc7 17. f4 Ne4 18. Bxe4 Bxe5 19. fxe5 dxe4 20. a5 Nd5 21. Nxd5
Qe6 22. Nf6+ gxf6 23. Qe3 f5 24. Bh4 f6 25. Bxf6 fxg4 26. Qh6 Re7 27. Bxe7 Qxe7
28. Rf6 Qd7 29. Rcf1 Qxd4+ 30. Kh1 Qb4 31. Rxg6+ hxg6 32. Qxg6+ Kh8 33. Qh5+ 1-0

[Event "Sberbank GM Rapid"]
[Site "Kiev UKR"]
[Date "2013.06.05"]
[Round "3"]
[White "Korobov, Anton"]
[Black "Tomashevsky, Evgeny"]
[Result "0-1"]
[WhiteTitle "GM"]
[BlackTitle "GM"]
[WhiteElo "2715"]
[BlackElo "2709"]
[WhiteFideId "14105730"]
[BlackFideId "4147235"]
[EventDate "2013.06.05"]

1. d4 Nf6 2. c4 e6 3. Nf3 Bb4+ 4. Nbd2 O-O 5. a3 Be7 6. e4 d6 7. Be2 Nbd7 8. b4
e5 9. d5 a5 10. Bb2 c5 11. dxc6 bxc6 12. O-O axb4 13. axb4 Rxa1 14. Qxa1 Bb7 15.
Bd3 Qc7 16. Bc3 Ra8 17. Qb2 Nb6 18. Qc2 Na4 19. Ba1 c5 20. b5 Nd7 21. Nb1 Bc8
22. Nc3 Nxc3 23. Bxc3 Nb6 24. Nd2 Be6 25. g3 Qd7 26. Be2 Bh3 27. Ra1 Rxa1+ 28.
Bxa1 Qa7 29. Bc3 Be6 30. f4 exf4 31. gxf4 f6 32. Kg2 Bf7 33. Kg3 Bd8 34. Qb1 Qe7
35. Bd3 f5 36. Nf3 Nxc4 37. exf5 Qe3 38. Qd1 Nb6 39. Ba5 Nd5 40. Bxd8 Qxf4+ 41.
Kf2 Qe3+ 42. Kf1 Nc3 43. Bg5 Nxd1 44. Bxe3 Nxe3+ 45. Kf2 Nd5 46. Ng5 Nb6 47. Bf1
d5 48. Ke3 h6 49. Ne6 Bxe6 50. fxe6 g5 51. Kf3 Kg7 52. Kg4 Kf6 53. e7 Kxe7 54.
Kf5 Kd6 55. Kg6 Ke5 56. Kxh6 Kf4 57. Kg6 c4 58. Kf6 c3 0-1

[Event "Sberbank GM Rapid"]
[Site "Kiev UKR"]
[Date "2013.06.06"]
[Round "4"]
[White "Korobov, Anton"]
[Black "Leko, Peter"]
[Result "1/2-1/2"]
[WhiteTitle "GM"]
[BlackTitle "GM"]
[WhiteElo "2715"]
[BlackElo "2737"]
[WhiteFideId "14105730"]
[BlackFideId "703303"]
[EventDate "2013.06.05"]

1. d4 Nf6 2. Bg5 d5 3. Bxf6 exf6 4. e3 Bd6 5. c4 dxc4 6. Bxc4 f5 7. Nc3 O-O 8.
Nf3 Nd7 9. O-O c6 10. Qc2 Nf6 11. a3 Qe7 12. b4 Bd7 13. Bd3 g6 14. Na4 Rad8 15.
Nc5 Bc8 16. Bc4 Kg7 17. Rab1 Ne4 18. Qb2 Qf6 19. Ne5 Qe7 20. Ned3 b6 21. Nxe4
fxe4 22. Nc1 Qh4 23. g3 Qf6 24. Re1 h5 25. Bf1 c5 26. Bg2 Bf5 27. Ne2 Rfe8 28.
Qc2 cxb4 29. axb4 Rc8 30. Qa2 Rc7 31. b5 Rec8 32. Rec1 Qe7 33. Qa1 h4 34. Rxc7
Rxc7 35. Nc3 Rc8 36. Nd5 Qe6 37. Nb4 Bxb4 38. Rxb4 Qd5 39. Rb1 hxg3 40. hxg3 Rc7
41. Bf1 Bg4 42. Rc1 Rxc1 43. Qxc1 Bf3 44. Qc6 Qh5 45. Bg2 Bxg2 46. Kxg2 Qf3+ 47.
Kg1 Qd1+ 48. Kg2 Qf3+ 49. Kg1 Qd1+ 50. Kg2 Qf3+ 1/2-1/2

[Event "Sberbank GM Rapid"]
[Site "Kiev UKR"]
[Date "2013.06.06"]
[Round "4"]
[White "Tomashevsky, Evgeny"]
[Black "Areshchenko, Alexander"]
[Result "1/2-1/2"]
[WhiteTitle "GM"]
[BlackTitle "GM"]
[WhiteElo "2709"]
[BlackElo "2708"]
[WhiteFideId "4147235"]
[BlackFideId "14109530"]
[EventDate "2013.06.05"]

1. c4 g6 2. Nc3 c5 3. g3 Bg7 4. Bg2 Nc6 5. Rb1 b6 6. d3 Bb7 7. Bd2 d6 8. a3 Qd7
9. Qa4 e6 10. b4 Nge7 11. Nf3 O-O 12. O-O Rab8 13. Rfe1 Rfd8 14. Nb5 h6 15. Qd1
Ba8 16. Bc3 e5 17. Bd2 cxb4 18. axb4 d5 19. cxd5 Nxd5 20. Qc1 Kh7 21. Qa3 Bf8
22. Qb2 Bg7 23. Qa3 f5 24. Nc3 Ndxb4 25. Rxb4 Bf8 26. Qb2 Bxb4 27. Nxe5 Nxe5 28.
Qxb4 Bxg2 29. Kxg2 a5 30. Qf4 Nf7 31. Ra1 Rbc8 32. Ra3 Qc6+ 33. Kg1 Rd7 34. Rb3
Qe6 35. Qa4 Qc6 36. Qh4 g5 37. Qh5 a4 38. Rb5 Qf6 39. Qf3 Ne5 40. Qe3 Ng4 41.
Qf3 Ne5 42. Qe3 Ng6 43. Rxb6 Rc6 44. Rb4 Rxc3 45. Bxc3 Qxc3 46. Rxa4 Re7 47. Ra7
Qg7 48. Rxe7 Qxe7 49. Qf3 Qd7 50. Qe3 Kg7 51. Qc5 Qe6 52. Qa7+ Ne7 53. Qd4+ Kg6
54. e4 Nc6 55. Qe3 Ne5 56. f4 Ng4 57. exf5+ Qxf5 58. Qe8+ Qf7 59. Qe4+ Kg7 60.
Qd4+ Nf6 61. fxg5 hxg5 62. g4 Kg6 63. h3 Qe6 64. Kf2 Qa2+ 65. Kg3 Qd2 66. Qd6
Qe2 67. Qd4 Qf1 68. Qe3 Qa1 69. h4 gxh4+ 70. Kxh4 Kf7 71. Kg3 Qd1 72. Qf3 Qg1+
73. Qg2 Qd4 74. Qf3 Kg7 75. g5 Qe5+ 76. Kh3 Nd5 77. Qe4 Qxg5 1/2-1/2

[Event "Sberbank GM Rapid"]
[Site "Kiev UKR"]
[Date "2013.06.06"]
[Round "4"]
[White "Karjakin, Sergey"]
[Black "Topalov, Veselin"]
[Result "1-0"]
[WhiteTitle "GM"]
[BlackTitle "GM"]
[WhiteElo "2782"]
[BlackElo "2784"]
[WhiteFideId "14109603"]
[BlackFideId "2900084"]
[EventDate "2013.06.05"]

1. e4 e6 2. d4 d5 3. Nc3 Nf6 4. e5 Nfd7 5. f4 c5 6. Nf3 Nc6 7. Be3 a6 8. Qd2 b5
9. dxc5 Bxc5 10. Bd3 d4 11. Nxd4 Nxd4 12. Ne4 Qh4+ 13. Bf2 Qg4 14. Bxd4 Bxd4 15.
Nd6+ Ke7 16. Be4 Bxb2 17. Rb1 Ba3 18. Bxa8 Bc5 19. Bf3 Qg6 20. Ne4 Rd8 21. Rd1
Bb6 22. Qb4+ 1-0

[Event "Sberbank GM Rapid"]
[Site "Kiev UKR"]
[Date "2013.06.06"]
[Round "4"]
[White "Zhigalko, Sergei"]
[Black "Naiditsch, Arkadij"]
[Result "1-0"]
[WhiteTitle "GM"]
[BlackTitle "GM"]
[WhiteElo "2661"]
[BlackElo "2710"]
[WhiteFideId "13502956"]
[BlackFideId "4650891"]
[EventDate "2013.06.05"]

1. e4 e5 2. Nf3 Nc6 3. Bb5 Nf6 4. d3 Bc5 5. c3 O-O 6. O-O d6 7. Nbd2 Ne7 8. d4
exd4 9. cxd4 Bb6 10. Re1 Bg4 11. h3 Bh5 12. Qb3 d5 13. e5 Nd7 14. Qe3 Nc6 15.
Nb3 Re8 16. Qc3 Bxf3 17. Bxc6 bxc6 18. Qxf3 f6 19. Qc3 Re6 20. exf6 Rxe1+ 21.
Qxe1 Qxf6 22. Be3 Re8 23. Rc1 Re6 24. a4 a5 25. Qd2 Qe7 26. Kh1 Nf6 27. Nc5 Bxc5
28. dxc5 h6 29. Qxa5 Re4 30. Rd1 Qe5 31. Qa8+ Kh7 32. Qxc6 d4 33. Bd2 Qh5 34. f3
Re2 35. Bf4 d3 36. Qb5 d2 37. Qxe2 1-0

[Event "Sberbank GM Rapid"]
[Site "Kiev UKR"]
[Date "2013.06.06"]
[Round "5"]
[White "Areshchenko, Alexander"]
[Black "Zhigalko, Sergei"]
[Result "0-1"]
[WhiteTitle "GM"]
[BlackTitle "GM"]
[WhiteElo "2708"]
[BlackElo "2661"]
[WhiteFideId "14109530"]
[BlackFideId "13502956"]
[EventDate "2013.06.05"]

1. e4 c5 2. Nf3 Nc6 3. Bb5 Nf6 4. Bxc6 dxc6 5. d3 Bg4 6. h3 Bh5 7. Nc3 Nd7 8. g4
Bg6 9. Bf4 Qb6 10. Qd2 e6 11. O-O-O Be7 12. Rhg1 Qa6 13. Kb1 b5 14. Ne2 c4 15.
h4 cxd3 16. cxd3 h5 17. gxh5 Bxh5 18. Qe3 Qb6 19. d4 c5 20. e5 Qc6 21. Rg3 Nb6
22. Bg5 Nd5 23. Qc1 Nb4 24. d5 Bg6+ 25. Ka1 Nc2+ 26. Kb1 Nd4+ 27. Ka1 Nb3+ 0-1

[Event "Sberbank GM Rapid"]
[Site "Kiev UKR"]
[Date "2013.06.06"]
[Round "5"]
[White "Naiditsch, Arkadij"]
[Black "Karjakin, Sergey"]
[Result "0-1"]
[WhiteTitle "GM"]
[BlackTitle "GM"]
[WhiteElo "2710"]
[BlackElo "2782"]
[WhiteFideId "4650891"]
[BlackFideId "14109603"]
[EventDate "2013.06.05"]

1. e4 e5 2. Nf3 Nc6 3. Bb5 a6 4. Ba4 Nf6 5. O-O Be7 6. d3 b5 7. Bb3 O-O 8. a4 b4
9. h3 d6 10. Nbd2 Na5 11. Ba2 c5 12. c3 Nc6 13. Nc4 h6 14. Ne3 Rb8 15. Nd5 Be6
16. Bd2 Bxd5 17. Bxd5 Nxd5 18. exd5 Na5 19. Re1 f5 20. Nh2 bxc3 21. Bxc3 Nb3 22.
Ra3 Qb6 23. Nf1 Qb7 24. Ne3 Nd4 25. Qh5 Bg5 26. Qd1 f4 27. Nc4 Qxd5 28. Bxd4
Qxd4 29. Re4 Qd5 30. Qg4 Rfd8 31. a5 Rb5 32. Ra1 Qf7 33. Rae1 Qd7 34. Qd1 Qf5
35. Qa4 Bf6 36. Na3 Rxb2 37. Qc6 d5 0-1